000 00564cam a2200193 4500
001 ABS62097
008 000000n2000 000 0 eng u
035 _a(Sirsi) u104755
100 _aMcIntosh, M.
245 _aRepairs update
260 _c2000
490 _aSolicitors' Journal
_v144(7) 25 February 2000, 167-168(2)
520 _aProvides a round-up of the most recent cases concerning the obligation to repair.
590 _aABS
650 _aREPAIRING OBLIGATIONS
650 _aSERVICE CHARGES
690 _aLANDLORD AND TENANT-LEASES
942 _n0
999 _c62845
_d62845